000
00310nam a22001337a 4500
008
190304b xxu||||| |||| 00| 0 eng d
020
_a
9780791434680
041
_a
eng
080
_a
573
100
_a
11
101
_a
BIO
245
_a
Metaphysics and the Origin of Species
_c
Ghiselin, M.T
942
_2
udc
_c
BK
999
_c
54448
_d
54448